000 00424nam a22001457a 4500
008 150320b xxu||||| |||| 00| 0 eng d
020 _a9782882130433
082 _a898.324
_bL 427p
100 _aLayme, Felix y Albo, Xavier
_92243
245 _aPoesie Aymara
260 _aSuiza
_bPATIÑO
_c2007
300 _a294
_bill
_c24 cm
650 _xLiteratura
_xPoesia
_xAymara-Sur America
_92244
700 _aFelix Layme y Xavier Albo
_92245
999 _c470
_d470